Platería del Perú virreinal, 1535-1825 (Record no. 736)

MARC details
000 -CABECERA
campo de control de longitud fija 00791nam a2200217 a 4500
001 - NÚMERO DE CONTROL
campo de control BRCA_841
005 - FECHA Y HORA DE LA ÚLTIMA TRANSACCIÓN
campo de control 20190320203155.0
008 - DATOS DE LONGITUD FIJA--INFORMACIÓN GENERAL
campo de control de longitud fija 981222s1997 sp-a---##b---#000-0#spa-d
020 ## - NÚMERO INTERNACIONAL ESTÁNDAR DEL LIBRO
Número Internacional Estándar del Libro 8489162859
050 #4 - SIGNATURA TOPOGRÁFICA DE LA BIBLIOTECA DEL CONGRESO
Número de clasificación NK7139
Número de documento/Ítem .E88 1997
100 1# - ENTRADA PRINCIPAL--NOMBRE DE PERSONA
Nombre de persona Esteras Martín, Cristina
9 (RLIN) 2800
245 10 - MENCIÓN DE TÍTULO
Título Platería del Perú virreinal, 1535-1825
Mención de responsabilidad, etc. Cristina Esteras Martín.
260 ## - PUBLICACIÓN, DISTRIBUCIÓN, ETC.
Lugar de publicación, distribución, etc. Madrid
Nombre del editor, distribuidor, etc. Grupo BBV
Fecha de publicación, distribución, etc. 1997
300 ## - DESCRIPCIÓN FÍSICA
Extensión 341 p.
Otras características físicas il. a color
Dimensiones 30 cm.
500 ## - NOTA GENERAL
Nota general Catálogo de la exposición realizada en el Banco Bilbao Vizcaya, Sala de Madrid, y en el Museo de Arte de Lima, 1997
504 ## - NOTA DE BIBLIOGRAFÍA, ETC.
Nota de bibliografía, etc. Bibliografía: p. 337-341
650 14 - PUNTO DE ACCESO ADICIONAL DE MATERIA--TÉRMINO DE MATERIA
Término de materia o nombre geográfico como elemento de entrada Platería virreinal
Subdivisión de forma Exposiciones
Subdivisión cronológica 1535-1825
Subdivisión geográfica Perú
9 (RLIN) 2801
710 2# - PUNTO DE ACCESO ADICIONAL--NOMBRE DE ENTIDAD CORPORATIVA
Nombre de entidad corporativa o nombre de jurisdicción como elemento de entrada Banco Bilbao Vizcaya
9 (RLIN) 2802
710 2# - PUNTO DE ACCESO ADICIONAL--NOMBRE DE ENTIDAD CORPORATIVA
Nombre de entidad corporativa o nombre de jurisdicción como elemento de entrada Museo de Arte de Lima
9 (RLIN) 2803
942 ## - ELEMENTOS DE PUNTO DE ACCESO ADICIONAL (KOHA)
Fuente del sistema de clasificación o colocación Library of Congress Classification
Tipo de ítem Koha Libros
Holdings
Estado de retiro Estado de pérdida Estado dañado No para préstamo Localización permanente Ubicación/localización actual Fecha de adquisición Total de préstamos Signatura topográfica completa Código de barras Fecha visto por última vez Precio válido a partir de Tipo de ítem Koha
El ejemplar forma parte de la colección y puede ser consultado según las políticas vigentes.       Biblioteca del Museo Franz Mayer (Rogerio Casas-Alatriste) Biblioteca del Museo Franz Mayer (Rogerio Casas-Alatriste) 26/06/2008   NK7139 .E88 1997 01311 22/03/2019 22/03/2019 Libros